| 000 | 00490nam a22001817a 4500 | ||
|---|---|---|---|
| 003 | MPLRDC | ||
| 005 | 20220104123730.0 | ||
| 008 | 210129b ||||| |||| 00| 0 eng d | ||
| 020 | _a7-110-01697-5 | ||
| 082 | _a544.44 GNK | ||
| 100 | _a罗列. 高尼克、马. 维里士著 | ||
| 245 |
_a我为什么像爸爸又像妈妈 _c何达理译 |
||
| 250 | _a一版一刷 | ||
| 260 |
_a _b科学普及出版社 _c1991 |
||
| 300 | _b平 | ||
| 650 | _a生育--遗传 | ||
| 942 |
_cBK _o544.44 GNK |
||
| 999 |
_c13758 _d13748 |
||